[Event "Capablanca Memorial"]
[Site "Rio de Janeiro"]
[Date "1999.??.??"]
[Round "3"]
[White "Barros, Juvencio Antonio"]
[Black "Filgueiras, Robson"]
[Result "0-1"]
[WhiteElo "2000"]
[BlackElo "2000"]
[PlyCount "80"]
[EventDate "1999.??.??"]
[EventType "tourn"]
[EventRounds "9"]
[EventCountry "BRA"]
[SourceTitle "EXT 2000"]
[Source "ChessBase"]
[SourceDate "1999.11.16"]
[SourceVersion "1"]
[SourceVersionDate "1999.11.16"]
[SourceQuality "1"]

1. e4 c5 2. Nc3 d6 3. Bc4 Nf6 4. h3 g6 5. Nf3 Bg7 6. d3 Nc6 7. Ng5 0-0 8. Be3 Ne5 9. f4 Nxc4 10. dxc4 h6 11. Nf3 Qa5 12. 0-0 Qb4 13. Qd3 Qxb2 14. Nb5 Qb4 15. Bd2 Qa4 16. Rfb1 a6 17. Rb3 axb5 18. Rxb5 Be6 19. Rxb7 Bxc4 20. Qe3 Nxe4 21. Re1 Nxd2 22. Qxd2 Bf6 23. h4 Qa3 24. f5 Bc3 25. Qe3 Bd4 26. Nxd4 Qxe3+ 27. Rxe3 cxd4 28. Rexe7 gxf5 29. Rb6 Rxa2 30. Rxd6 Be6 31. Rxd4 Rxc2 32. Kh2 Kh7 33. Rd6 Kg8 34. h5 f4 35. Rb6 f3 36. Rb1 Rd8 37. Kg3 fxg2 38. Rg1 Rd3+ 39. Kf4 Rc4+ 40. Ke5 Rd5+ 0-1

[Event "Capablanca Memorial"]
[Site "Rio de Janeiro"]
[Date "1999.??.??"]
[Round "7"]
[White "Chaves, Jorge Antonio Torre"]
[Black "Filgueiras, Robson"]
[Result "1-0"]
[WhiteElo "2130"]
[BlackElo "2000"]
[PlyCount "37"]
[EventDate "1999.??.??"]
[EventType "tourn"]
[EventRounds "9"]
[EventCountry "BRA"]
[SourceTitle "EXT 2000"]
[Source "ChessBase"]
[SourceDate "1999.11.16"]
[SourceVersion "1"]
[SourceVersionDate "1999.11.16"]
[SourceQuality "1"]

1. e4 c5 2. Nf3 d6 3. d4 cxd4 4. Nxd4 Nf6 5. Nc3 g6 6. Be3 Bg7 7. f3 Bd7 8. Qd2 Nc6 9. 0-0-0 0-0 10. Bc4 a6 11. h4 Rc8 12. Bb3 Qc7 13. h5 Nxh5 14. Nd5 Qd8 15. g4 e6 16. gxh5 exd5 17. hxg6 fxg6 18. Bxd5+ Kh8 19. Rxh7+ 1-0

[Event "Capablanca Memorial"]
[Site "Rio de Janeiro"]
[Date "1999.??.??"]
[Round "4"]
[White "Filgueiras, Robson"]
[Black "Dos Santos, Tadeu"]
[Result "0-1"]
[WhiteElo "2000"]
[BlackElo "2000"]
[PlyCount "49"]
[EventDate "1999.??.??"]
[EventType "tourn"]
[EventRounds "9"]
[EventCountry "BRA"]
[SourceTitle "EXT 2000"]
[Source "ChessBase"]
[SourceDate "1999.11.16"]
[SourceVersion "1"]
[SourceVersionDate "1999.11.16"]
[SourceQuality "1"]

1. c4 e6 2. d3 f5 3. Nf3 Nf6 4. g3 c6 5. Bg2 d5 6. cxd5 exd5 7. Bg5 Nbd7 8. a3 Be7 9. 0-0 0-0 10. Nc3 Nh5 11. Bxe7 Qxe7 12. e3 g5 13. d4 Rf7 14. Ne5 Nxe5 15. Qxh5 Ng6 16. Rfe1 Bd7 17. Rac1 Raf8 18. f4 g4 19. Nd1 Rg7 20. Nf2 Rf6 21. h3 Qd6 22. hxg4 fxg4 23. Nxg4 Bxg4 24. Qxg4 Nxf4 25. Qh4 0-1